Sandinistas : (Record no. 2654)
[ view plain ]
| 000 -CABECERA | |
|---|---|
| campo de control de longitud fija | 01070cam a2200277 a 4500 |
| 001 - NÚMERO DE CONTROL | |
| campo de control | 000002820 |
| 005 - FECHA Y HORA DE LA ÚLTIMA TRANSACCIÓN | |
| campo de control | 20200929150250.0 |
| 008 - DATOS DE LONGITUD FIJA--INFORMACIÓN GENERAL | |
| campo de control de longitud fija | 871005s1986 nq 000 1 spa |
| 040 ## - FUENTE DE LA CATALOGACIÓN | |
| Centro catalogador/agencia de origen | DO-SdBNP |
| Lengua de catalogación | spa |
| Centro/agencia transcriptor | BNPHU |
| 082 ## - NÚMERO DE LA CLASIFICACIÓN DECIMAL DEWEY | |
| Número de clasificación | 972.85 |
| Número de documento/Ítem | I624s |
| 100 1# - ENTRADA PRINCIPAL--NOMBRE DE PERSONA | |
| Nombre de persona | Invernizzi, Gabriele, |
| 9 (RLIN) | 8914 |
| 245 10 - MENCIÓN DE TÍTULO | |
| Título | Sandinistas : |
| Resto del título | entrevistas a Humberto Ortega Saavedra, Jaime Wheelock Román y Bayardo Arce Castaño / |
| Mención de responsabilidad, etc. | Gabriele Invernizzi, Francis Pisani, Jesús Ceberio. |
| 260 ## - PUBLICACIÓN, DISTRIBUCIÓN, ETC. | |
| Lugar de publicación, distribución, etc. | Managua, Nicaragua : |
| Nombre del editor, distribuidor, etc. | Vanguardia, |
| Fecha de publicación, distribución, etc. | 1986. |
| 300 ## - DESCRIPCIÓN FÍSICA | |
| Extensión | 258 p. ; |
| Dimensiones | 20 cm. |
| 490 1# - MENCIÓN DE SERIE | |
| Mención de serie | Coyuntura ; |
| Designación de volumen o secuencia | no. 1 |
| 651 #4 - PUNTO DE ACCESO ADICIONAL DE MATERIA--NOMBRE GEOGRÁFICO | |
| Nombre geográfico | Nicaragua |
| Subdivisión general | Política Y Gobierno |
| Subdivisión cronológica | 1979-1990. |
| 9 (RLIN) | 8915 |
| 600 14 - PUNTO DE ACCESO ADICIONAL DE MATERIA--NOMBRE DE PERSONA | |
| Nombre de persona | ORTEGA SAAVEDRA, HUMBERTO |
| Subdivisión general | ENTREVISTA |
| 9 (RLIN) | 8916 |
| 600 14 - PUNTO DE ACCESO ADICIONAL DE MATERIA--NOMBRE DE PERSONA | |
| Nombre de persona | WHEELOCK, JAIME |
| Subdivisión general | ENTREVISTA |
| 9 (RLIN) | 8917 |
| 600 14 - PUNTO DE ACCESO ADICIONAL DE MATERIA--NOMBRE DE PERSONA | |
| Nombre de persona | ARCE, BAYARDO |
| Subdivisión general | ENTREVISTA |
| 9 (RLIN) | 8918 |
| 650 #4 - PUNTO DE ACCESO ADICIONAL DE MATERIA--TÉRMINO DE MATERIA | |
| Término de materia o nombre geográfico como elemento de entrada | Revolucionarios |
| Subdivisión geográfica | Nicaragua |
| Subdivisión general | Entrevista |
| 9 (RLIN) | 8919 |
| 650 #4 - PUNTO DE ACCESO ADICIONAL DE MATERIA--TÉRMINO DE MATERIA | |
| Término de materia o nombre geográfico como elemento de entrada | Estadistas |
| Subdivisión geográfica | Nicaragua |
| Subdivisión general | Entrevista |
| 9 (RLIN) | 8920 |
| 700 1# - PUNTO DE ACCESO ADICIONAL--NOMBRE DE PERSONA | |
| Nombre de persona | Invernizzi, Gabriele. |
| 9 (RLIN) | 8914 |
| 700 1# - PUNTO DE ACCESO ADICIONAL--NOMBRE DE PERSONA | |
| Nombre de persona | Pisani, Francis. |
| 9 (RLIN) | 8921 |
| 700 1# - PUNTO DE ACCESO ADICIONAL--NOMBRE DE PERSONA | |
| Nombre de persona | Ceberio, Jesús. |
| 9 (RLIN) | 8922 |
| 830 #0 - PUNTO DE ACCESO ADICIONAL DE SERIE-TÍTULO UNIFORME | |
| Título uniforme | Coyuntura ; |
| Designación de volumen o secuencia | no. 1 |
| 9 (RLIN) | 8923 |
| Estado de retiro | Estado de pérdida | Restricciones de uso | No para préstamo | Código de colección | Localización permanente | Ubicación/localización actual | Ubicación en estantería | Fecha de adquisición | Número de inventario | Total de préstamos | Signatura topográfica completa | Código de barras | Fecha visto por última vez | Precio válido a partir de | Tipo de ítem Koha |
|---|---|---|---|---|---|---|---|---|---|---|---|---|---|---|---|
| Préstamo interno | Monografías: Libros y Folletos | General | General | En catalogación | 03.07.2009 | LF1 | 972.85 I624s | 2820-10 | 25.06.2020 | 25.06.2020 | Préstamo interno |
